000 00856cab a2200193 4500
001 ##L135004
008 060918n2006 000 0 eng u
035 _a(Sirsi) u135004
041 0 _aeng
100 1 _aBanham, Russell
245 0 4 _aThe UK shopping centre development market
260 _c2006
490 0 _aJournal of Retail and Leisure Property
_v5(3) 2006, 239-246(8)
520 _aLooks at the reasons for the large amount of new shopping centre floorspace coming on stream in 2007-2009. Discusses the historical perspective to the UK shopping centre market, and concludes that the increased level of supply in 2007-2009 will be comfortably assimilated into the market.
590 _aIKA190906
651 4 _aUnited Kingdom
_y
690 _aPROPERTY-COMMERCIAL PROPERTY-RETAIL PROPERTY-SHOPPING CENTRE, MALL AND ARCADE PROPERTY
942 _n0
999 _c77743
_d77743